书目信息 |
| 题名: |
人间四月天的刹那芳华
|
|
| 作者: | 姜雯漪 著 | |
| 分册: | ||
| 出版信息: | 北京 中国华侨出版社 2018 |
|
| 页数: | 245页 | |
| 开本: | 21cm | |
| 丛书名: | 中侨悦读汇 | |
| 单 册: | ||
| 中图分类: | K826.16 | |
| 科图分类: | ||
| 主题词: | 建筑师--jian zhu shi--传记--中国--现代 | |
| 电子资源: | ||
| ISBN: | 978-7-5113-7434-9 | |
| 000 | 01103nam 2200289 45 | |
| 001 | 012001006985 | |
| 005 | 20130301110055.0 | |
| 010 | @a978-7-5113-7434-9@dCNY35.80 | |
| 099 | @aCAL 012018137442 | |
| 100 | @a20180830d2018 em y0chiy50 ea | |
| 101 | 0 | @achi |
| 102 | @aCN@b110000 | |
| 105 | @aa z 000yb | |
| 106 | @ar | |
| 200 | 1 | @a人间四月天的刹那芳华@Aren jian si yue tian de cha na fang hua@e林徽因传@f姜雯漪著 |
| 210 | @a北京@c中国华侨出版社@d2018 | |
| 215 | @a245页@c图 (部分彩图)@d21cm | |
| 225 | 2 | @a中侨悦读汇@Azhong qiao yue du hui@e纯美典藏版 |
| 330 | @a本书为林徽因作传, 叙述的是她的才华, 她的性格, 她的信仰, 她的苦难, 她的事业, 美丽之外的坎坎坷坷、灿烂与辉煌……让你邂逅一位真实的林徽因, 主要内容包括: 梦回江南烟雨中 ; 林家有女初长成等。 | |
| 410 | 0 | @12001 @a中侨悦读汇 (纯美典藏版) |
| 517 | 1 | @a林徽因传@Alin hui yin zhuan |
| 600 | 0 | @a林徽因,@Alin hui yin@f1904-1955@x传记 |
| 606 | 0 | @a建筑师@Ajian zhu shi@x传记@y中国@z现代 |
| 690 | @aK826.16@v5 | |
| 701 | 0 | @a姜雯漪@Ajiang wen yi@4著 |
| 801 | 0 | @aCN@b上海新华@c20191020 |
| 905 | @b1132631-4@dK826.16@e106@f4 | |
| 人间四月天的刹那芳华:林徽因传/姜雯漪著.-北京:中国华侨出版社,2018 |
| 245页:图 (部分彩图);21cm.-(中侨悦读汇:纯美典藏版) |
| ISBN 978-7-5113-7434-9:CNY35.80 |
| 本书为林徽因作传, 叙述的是她的才华, 她的性格, 她的信仰, 她的苦难, 她的事业, 美丽之外的坎坎坷坷、灿烂与辉煌……让你邂逅一位真实的林徽因, 主要内容包括: 梦回江南烟雨中 ; 林家有女初长成等。 |
| ● |
| 相关链接 |
|
|
|
|
正题名:人间四月天的刹那芳华
索取号:K826.16/106
 
预约/预借
| 序号 | 登录号 | 条形码 | 馆藏地/架位号 | 状态 | 备注 |
| 1 | 1132631 | 211326313 | 第二样本阅览室/ [索取号:K826.16/106] | 在馆 | |
| 2 | 1132632 | 211326322 | 第二借阅区/ [索取号:K826.16/106] | 在馆 | |
| 3 | 1132633 | 211326331 | 第二借阅区/ [索取号:K826.16/106] | 在馆 | |
| 4 | 1132634 | 211326340 | 第二借阅区/ [索取号:K826.16/106] | 在馆 |